| 000 | 00529nam a22001697a 4500 | ||
|---|---|---|---|
| 999 |
_c9156 _d9156 |
||
| 008 | 210325b ||||| |||| 00| 0 eng d | ||
| 040 | _aBMS College of Architecture | ||
| 100 | _aVenugopal, Sreedevi | ||
| 245 | _aCraft research and development center Channapatna | ||
| 300 | _aNA | ||
| 500 | _a1BM05AT051 | ||
| 502 |
_8B.Arch _NBMS College of Architecture, Visvesvaraya Technological University _aProject report _d2010 |
||
| 650 | _aChannapatna | ||
| 700 |
_aK Manjula _eGuide |
||
| 700 |
_aPushpa D _eGuide |
||
| 942 |
_2ddc _cTHE |
||